000 00516nam a2200193Ia 4500
003 LK-CoDNM
005 20240316145243.0
008 010623t1931 xxu||||| |||| 00| 1 sin d
040 _aLK-CoDNM
_dLK-CoDNM
_eLK-CoDNM
041 _asin
080 _a104 HH9
100 _aGunathilaka,A.P
245 _aමී මැස්සා සහ මනුෂ්‍යයා
246 _aMiimessa saha Manushshayaa
260 _bFelixpress
_aColombo
_c1931
300 _bDamaged
_a54p.,22 cm
650 _aBee
942 _cBK
999 _c95945
_d95945